| 000 | 00672nam a22001937a 4500 | ||
|---|---|---|---|
| 999 |
_c189095 _d189095 |
||
| 005 | 20220613154031.0 | ||
| 010 | _aENG-132256 | ||
| 020 |
_a9788123773293 _c125.00 |
||
| 035 | _aEN-116788 | ||
| 037 | _bDBAD/PUB | ||
| 082 | _a616.833 | ||
| 100 | _aAnand, Kuljeet Singh | ||
| 245 |
_aUnderstanding Parkinson's Disease: _bA Reader's Guide/ _cKuljeet Singh Anand and Rohit Verma |
||
| 260 |
_aNew Delhi _bNational Book Trust _c2014 |
||
| 270 |
_aNehru Bhawan, 5 Institutional Area, Phase-II, Vasant Kunj _bNew Delhi _e110070 _mwww.nbtindia.gov.in |
||
| 300 |
_avii, 95p. _bGlossary _c22cm(pbk) |
||
| 700 | _aVerma, Rohit | ||
| 942 |
_2ddc _cEN _h616.833 _mANA |
||